000 00745nam a2200241 a 4500
001 BRCA_7015
005 20190320205658.0
008 251111s1922----gw-#######---#000-0#ger-#
041 _ager
044 _agw
050 4 _aHM106
_b.F6 1922
100 1 _aForel, Auguste
_d1848-1931.
_917449
245 1 0 _aMensch und ameise
_cein beitrag zur frage der vererbung und fortschrittsfähigkeit von dr. August Forel.
260 _aWein, Berlín y Leipzig
_bRikola
_c1922
300 _a70 p.
_c20 cm.
500 _aEstado físico: lomo y cuebiertas rotos con algunas páginas desprendidas.
500 _aO24
650 1 4 _aEvolución del hombre
_917450
650 1 4 _aHormigas
_917451
650 1 4 _aHerencia
_917452
902 _aGFM
942 _2lcc
_cB
999 _c6696
_d6696